Global citizens : Australian activists for change (Record no. 195074)

MARC details
000 -LEADER
fixed length control field 00844nam a2200253Ia 4500
008 - FIXED-LENGTH DATA ELEMENTS--GENERAL INFORMATION
fixed length control field 191130s2008##################000#0#eng##
020 ## - INTERNATIONAL STANDARD BOOK NUMBER
ISBN 9780521731874
082 ## - DEWEY DECIMAL CLASSIFICATION NUMBER
Classification number 323.6 STO
245 ## - TITLE STATEMENT
Title Global citizens : Australian activists for change
Statement of responsibility, etc edited by Geoffrey Stokes, Roderic Pitty and Gary Smith
260 ## - PUBLICATION, DISTRIBUTION, ETC. (IMPRINT)
Place of publication Cambridge
Name of publisher Cambridge University Press
Year of publication 2008
300 ## - PHYSICAL DESCRIPTION
Number of Pages xiv, 224 p. : ill., ports. ; 23 cm
500 ## - GENERAL NOTE
General note Includes bibliographical references and index
650 ## - SUBJECT ADDED ENTRY--TOPICAL TERM
Topical Term Australia - Politics and government - 20th century
Topical Term Globalization - Australia
Topical Term World citizenship
700 ## - ADDED ENTRY--PERSONAL NAME
Personal name Pitty, Roderic
Personal name Smith, Gary
Personal name Stokes, Geoffrey
991 ## -
-- 158539
Holdings
Withdrawn status Lost status Damaged status Not for loan Home library Current library Shelving location Date acquired Full call number Accession Number Price effective from Koha item type
        Anna Centenary Library Anna Centenary Library 3RD FLOOR, B WING 13.10.2020 323.6 STO 101056 13.10.2020 English Books

Find us on the map